000 00802nam a22002177a 4500
003 BUBTL
008 171127b xxu||||| |||| 00| 0 eng d
020 _a9788131725719
082 _a658.1512/ H7845i/ 2009
100 _931
_a Horngren, Charles T.
245 _aIntroduction to Management Accounting /
_cCharles T. Horngren, Gary L. Sundem and William O. Stratton and David Burgstahler and Jeff Schatzberg
250 _a14th
260 _aIndia
_bPrentice Hall
_cc2009
300 _a[xxi], 831p
_bill. Graph,Table ; 29cm .
500 _aIncludes Index .
650 0 _95
_aAccounting
700 _91575
_aCharles T. Horngren, Gary L. Sundem and William O. Stratton and David Burgstahler and Jeff Schatzberg
856 _k0
_l0
_yDownload
942 _2ddc
_cBK
999 _c5573
_d5573